000 00311nam a22001337a 4500
008 181217b xxu||||| |||| 00| 0 eng d
020 _a9781308475370
041 _aeng
080 _a330
100 _a52
101 _aECO
245 _aSurvey Of Economics Issues And Problems
_cJames.P
942 _2udc
_cBK
999 _c53293
_d53293